| 000 | 00771nam0a22002291 4500 | ||
|---|---|---|---|
| 001 | rc\605553 | ||
| 005 | 20260406190608.0 | ||
| 035 | _a(NLR Aleph) 005849675 | ||
| 090 |
_a5765419 _c5765419 |
||
| 100 | _a20031121d1986 |||y0rusy50 ca | ||
| 101 | 0 | _arus | |
| 102 | _aRU | ||
| 105 | _aa ||||||||| | ||
| 200 | 1 |
_aКурсом ускорения _eИнформ. сб. _fЦентр. правл. Белорус. о-ва глухих |
|
| 210 |
_aМинск _cПолымя _d1986 |
||
| 215 |
_a32, [1] с. _cил. _d22 |
||
| 712 | 0 | 2 |
_aБелорусское о-во глухих _cМинск _bЦентральное правление _3RU\NLR\AUTH\889952524 _9401053 |
| 801 | 0 |
_aRU _bNLR _gpsbo |
|
| 801 | 1 |
_aRU _bELAR _2rusmarc |
|
| 852 |
_aNLR _j86-6/4611 |
||
| 942 | _cBOOK | ||
| 980 | _aNB | ||